[Event "44th Open Sitges 2018"]
[Site "Sitges"]
[Date "2018.07.27"]
[Round "7"]
[White "Munoz, Miguel"]
[Black "Guseinov, Gadir"]
[Result "1/2-1/2"]
[WhiteElo "2500"]
[BlackElo "2654"]
[Annotator "TA"]
[PlyCount "81"]
[EventDate "2018.07.22"]
[EventType "swiss"]
[EventCountry "ESP"]
[SourceTitle "playchess.com"]
[Source "ChessBase"]
[SourceQuality "1"]

{[%evp 21,81,12,8,16,18,11,13,16,16,12,45,44,72,62,84,15,21,19,18,14,31,5,14,20,12,13,12,7,13,10,10,6,7,5,27,23,39,30,38,36,34,24,40,28,38,35,32,22,20,8,8,7,8,8,8,8,8,8,8,8,9,0]} 1. e4 g6 2. g3 Bg7 3. Bg2 d6 4. Ne2 Nf6 5. O-O O-O 6. h3 e5 7. d4 exd4 8. Nxd4 Re8 9. Nc3 Nbd7 10. Re1 a6 {B07: Pirc Defence: Miscellaneous Systems} 11. Bf4 Ne5 {LiveBook: 3 Games} 12. Nf3 Nfd7 13. b3 b5 14. Nxe5 Nxe5 15. Qd2 c6 16. Rad1 Qa5 {[#] aiming for ...Nc4.} 17. Ne2 $1 Qxd2 18. Rxd2 {[#]} (18. Bxd2 $16 a5 19. f4) 18... Bf8 $146 19. Be3 {[%cal Bf4e3,Be3b6,Bb6c7][%mdl 32]} Bb7 20. Red1 a5 21. Bb6 Nd7 22. Bc7 Nc5 23. Bxd6 Nxe4 24. Bxe4 Rxe4 25. Nc3 Re6 26. Bxf8 Rxf8 27. f3 Re5 28. Kf2 Bc8 29. Re2 Rxe2+ 30. Nxe2 Bxh3 {[%mdl 4096] Endgame KRB-KRN} 31. g4 {[%cal Bg3g4,Bg4g5][%mdl 32]} f5 32. g5 f4 $1 33. Rd6 Rc8 34. Nxf4 Bf5 {The position is equal.} 35. Ne2 {Hoping for Nd4.} c5 36. Nc3 c4 {[#] ...cxb3 is the strong threat.} 37. Nxb5 Bxc2 38. bxc4 Rxc4 39. Rd8+ Kg7 40. Rd7+ Kg8 41. Rd8+ {Precision: White = 82%, Black = 70%.} 1/2-1/2

[Event "44th Open Sitges 2018"]
[Site "Sitges"]
[Date "2018.07.27"]
[Round "7"]
[White "Oliva Castaneda, Kevel"]
[Black "Anuj, Shrivatri"]
[Result "*"]
[WhiteElo "2491"]
[BlackElo "2094"]
[Annotator "TA"]
[PlyCount "28"]
[EventDate "2018.07.22"]
[EventType "swiss"]
[EventCountry "ESP"]
[SourceTitle "playchess.com"]
[Source "ChessBase"]
[SourceQuality "1"]

{[%evp 8,8,8]} 1. Nf3 c5 {[%cal Bc7c5,Bc5d4][%mdl 32]} 2. c4 Nf6 3. Nc3 Nc6 4. d4 cxd4 {Predecessor:} 5. Nxd4 $146 e6 6. a3 Bc5 7. Nb3 Bb6 8. e4 d5 9. exd5 exd5 10. Nxd5 Nxd5 11. cxd5 Qf6 12. Qf3 Qxf3 13. gxf3 Ne5 14. Be2 Bf5 {½-½ (68) Aronian,L (2805)-Howell,D (2676) Riadh 2017} *

[Event "44th Open Sitges 2018"]
[Site "Sitges"]
[Date "2018.07.27"]
[Round "7"]
[White "Pulvett Marin, Daniel Eduardo"]
[Black "Alarcon Casellas, Rolando"]
[Result "0-1"]
[WhiteElo "2458"]
[BlackElo "2389"]
[Annotator "RC"]
[PlyCount "94"]
[EventDate "2018.07.22"]
[EventType "swiss"]
[EventCountry "ESP"]
[SourceTitle "playchess.com"]
[Source "ChessBase"]
[SourceQuality "1"]
[TimeControl "40/5400+30:1800+30"]

1. d4 {[%emt 19:08:04]} d5 {[%emt 0:00:06]} 2. c4 c6 {[%emt 0:00:04]} 3. Nf3 {[%emt 0:00:18]} Nf6 {[%emt 0:00:06]} 4. Qb3 {[%emt 0:00:11]} dxc4 {[%emt 0:00:13]} 5. Qxc4 {[%emt 0:00:04]} Bf5 {[%emt 0:00:04]} 6. g3 {[%emt 0:00:13]} e6 {[%emt 0:00:07]} 7. Bg2 {[%emt 0:00:06]} h6 {[%emt 0:00:09]} 8. O-O {[%emt 0:00:22]} Be7 {[%emt 0:00:04]} 9. e3 {[%emt 0:00:19]} O-O {[%emt 0:00:14]} 10. Rd1 {[%emt 0:00:14]} Nbd7 {[%emt 0:00:37]} 11. Qe2 {[%emt 0:00:21]} Bh7 {[%emt 0:07:45]} 12. Nc3 {[%emt 0:01:24]} Qb6 {[%emt 0:09:13]} 13. e4 {[%emt 0:04:14]} Rad8 {[%emt 0:12:06]} 14. Ne1 {[%emt 0:08:20]} Bb4 {[%emt 0:14:08]} 15. Nc2 {[%emt 0:18:46]} Rfe8 {[%emt 0:03:42]} 16. Bd2 {[%emt 0:22:23]} Bf8 {[%emt 0:00:55]} 17. Be3 {[%emt 0:00:07]} Qxb2 {[%emt 0:04:41]} 18. Rd3 {[%emt 0:09:41]} Qb6 {[%emt 0:01:28]} 19. d5 {[%emt 0:00:05]} Qa5 {[%emt 0:03:36]} 20. dxe6 {[%emt 0:01:54]} Rxe6 {[%emt 0:01:15]} 21. Rad1 {[%emt 0:04:17]} Rde8 {[%emt 0:02:14]} 22. Nd4 {[%emt 0:01:32]} R6e7 {[%emt 0:04:44]} 23. Nb3 {[%emt 0:00:10]} Qc7 {[%emt 0:01:38]} 24. f3 {[%emt 0:10:58]} Ne5 {[%emt 0:02:40]} 25. R3d2 {[%emt 0:03:51]} Rd7 {[%emt 0:00:25]} 26. f4 {[%emt 0:03:26]} Rxd2 {[%emt 0:00:57]} 27. Bxd2 {[%emt 0:00:01]} Ned7 {[%emt 0:02:39]} 28. e5 {[%emt 0:00:02]} Bc2 {[%emt 0:00:28]} 29. Rc1 {[%emt 0:02:40]} Bxb3 {[%emt 0:01:07]} 30. axb3 {[%emt 0:00:02]} Nc5 {[%emt 0:00:06]} 31. Be3 {[%emt 0:02:19]} Qa5 {[%emt 0:09:35]} 32. exf6 {[%emt 0:05:11]} Nxb3 {[%emt 0:00:11]} 33. Ne4 {[%emt 0:01:22]} Nxc1 {[%emt 0:01:49]} 34. Bxc1 {[%emt 0:00:04]} Qa1 {[%emt 0:03:18]} 35. Qe3 {[%emt 0:01:04]} b6 {[%emt 0:03:15]} 36. Kf1 {[%emt 0:01:03]} Bc5 {[%emt 0:02:07]} 37. Qc3 {[%emt 0:00:04]} Qa6+ {[%emt 0:00:13]} 38. Ke1 {[%emt 0:00:11]} Qa4 {[%emt 0:00:54]} 39. Qd3 {[%emt 0:00:58]} Qa1 {[%emt 0:03:11]} 40. Kd1 {[%emt 0:00:43]} Bd4 {[%emt 0:03:20]} 41. fxg7 {[%emt 0:18:03]} Bb2 {[%emt 0:04:02]} 42. Qc2 {[%emt 0:00:32]} Bxc1 {[%emt 0:00:48]} 43. Qxc1 {[%emt 0:00:05]} Qd4+ {[%emt 0:00:22]} 44. Qd2 {[%emt 0:00:06]} Rxe4 {[%emt 0:00:17]} 45. Bxe4 {[%emt 0:00:02]} Qxe4 {[%emt 0:00:09]} 46. f5 {[%emt 0:02:49]} Kxg7 {[%emt 0:00:39]} 47. f6+ {[%emt 0:01:43]} Kg6 {[%emt 0:00:17]} 0-1

[Event "44th Open Sitges 2018"]
[Site "Sitges"]
[Date "2018.07.27"]
[Round "7"]
[White "Miciano, John Marvin"]
[Black "Aguero Jimenez, Luis Lazaro"]
[Result "1/2-1/2"]
[WhiteElo "2411"]
[BlackElo "2473"]
[Annotator "TA"]
[PlyCount "252"]
[EventDate "2018.07.22"]
[EventType "swiss"]
[EventCountry "ESP"]
[SourceTitle "playchess.com"]
[Source "ChessBase"]
[SourceQuality "1"]

{[%evp 10,252,27,0,45,-36,-39,-35,29,-7,0,-7,-10,-51,-51,-186,-146,-118,-93,-89,-84,-89,18,22,11,0,0,0,0,0,0,0,0,0,0,0,0,0,29,0,0,-59,-77,-86,-86,-106,-107,-106,-106,-104,-104,-106,-107,-107,-107,-107,-107,-110,-104,-101,-49,-77,-52,-95,-52,-114,-114,-114,-108,-114,-114,-116,-114,-114,-114,-122,-122,-122,-114,-114,-114,-114,-114,-116,-116,-116,-116,-126,-122,-125,-114,-125,-36,-36,-13,-154,-9,-46,-48,-183,-165,-150,-11,-24,-12,-20,-8,-8,-8,-8,-7,-8,-8,-8,-8,-8,-7,-8,-8,-8,-8,-8,-7,-8,-7,-8,-7,-8,-8,-8,-8,-8,-8,-8,-8,-8,-8,-8,-8,-8,-8,-8,-8,-8,-8,-77,-77,-75,-8,-8,-8,-8,-8,-8,-8,-8,-8,-8,-8,-8,-8,-8,-8,-8,0,0,0,-8,-8,-8,-8,-8,-8,-8,-8,0,0,-8,0,0,0,-8,0,0,0,-8,-8,-8,0,-8,0,0,0,0,0,-8,0,0,0,-8,0,0,0,0,0,0,0,0,0,0,0,0,0,0,0,-8,0,0,0,0,0,0,0,0,0,0,0,0,0,0,0,0,0,0,0,0,0,0,0,-8,0,0,0,-8,0]} 1. e4 c5 2. Nf3 Nc6 3. Bb5 g6 4. O-O Bg7 5. c3 e5 6. Na3 {LiveBook: 23 Games. B31: Sicilian: 2...Nc6 3 Bb5 g6} a6 (6... Nge7 7. Nc4 d5 8. exd5 Qxd5 9. d3 O-O 10. Re1 Kh8 11. h3 f6 12. a4 Be6 13. a5 Rad8 14. Be3 g5 15. Ncd2 {½-½ (34) Romanov,E (2641)-Kovalev,V (2562) Gjakova 2016}) 7. Be2 (7. Bxc6 $1 $14 dxc6 8. d3) 7... Nge7 $15 {[%cal Bg8e7,Be7d5,Bd5f4][%mdl 32]} 8. Nc2 {Black is slightly better.} Qb6 $146 (8... d5 $15) ({Predecessor:} 8... O-O 9. d4 cxd4 10. cxd4 d5 11. exd5 Nxd5 12. dxe5 Nxe5 13. Re1 Nc6 14. Bg5 Qa5 {½-½ (64) Herrera Sosa,J (1956)-Ruiz,M (1933) Lecheria 2014}) 9. Rb1 O-O 10. b4 d5 11. exd5 Nxd5 {[%cal Rc5b4]} 12. b5 (12. Ba3 $15) 12... axb5 13. Rxb5 Qd8 14. Rxc5 Nf4 ({Much worse is} 14... Rxa2 $6 15. Bc4 $11) 15. Bc4 e4 (15... Na5 $17 16. d4 b6 17. Rxe5 Nxc4 18. Bxf4 Nxe5 19. Nxe5 Rxa2) 16. d4 $1 $11 Nxg2 17. Kxg2 {Threatens to win with Ng5.} Bg4 18. Be2 $1 {Strongly threatening Ng5.} exf3+ 19. Bxf3 Bxf3+ 20. Qxf3 Rxa2 21. Ne3 Ra5 22. Rxa5 Qxa5 23. Nc4 Qc7 24. Bf4 Nxd4 $1 25. Bxc7 (25. cxd4 $11 Qxc4 26. d5) 25... Nxf3 $15 26. Bg3 Rc8 27. Kxf3 Rxc4 $17 {[%mdl 4096] Endgame KRB-KRB} 28. Rb1 Rxc3+ 29. Kg2 h5 30. Rxb7 Bf6 31. Rb4 Kg7 32. Bf4 Rc5 33. h3 Rd5 34. Be3 g5 (34... Be7 $17 35. Rb6 Rd3) 35. Ra4 Kg6 36. Rc4 Be7 37. Rc6+ (37. f4 $1 $15) 37... f6 38. Rc8 Kf5 39. Rc4 Ba3 40. Rc3 Bd6 41. Rc8 Be5 42. Rh8 h4 43. Rc8 Rd3 44. Rc4 Kg6 45. Rc8 Rb3 46. Rg8+ Kf5 47. Rc8 Rb4 48. Rh8 Ke4 49. Rg8 Rb7 50. Rg6 Kd3 (50... Rb8 $17 51. Rg7 Bf4 52. Re7+ Kf5) 51. Kf3 Rb1 {aiming for ...Rh1.} 52. Bxg5 (52. Rg7 $11) 52... Rg1 ({Better is} 52... fxg5 $17 53. Rxg5 Bf6) 53. Rxf6 {Hoping for Rf5.} (53. Bxf6 $5 {[%cal Rg6g1]} Rxg6 54. Bxe5 $15) 53... Rxg5 $11 {KRB-KR} 54. Rf7 ({Only move:} 54. Rd6+ $1 $15 Bd4 55. Rh6) 54... Rg1 55. Rh7 {[#]} Bd4 (55... Bf6 $1 $17 {And now ...Rg8 would win.} 56. Rf7 Bg5) 56. Rxh4 Rf1 57. Rf4 Rxf2+ 58. Kg4 Rg2+ 59. Kf5 Kc4 60. Rg4 Rh2 61. Rg8 Rf2+ 62. Ke4 Rf7 63. Rc8+ Bc5 64. h4 Rh7 65. h5 Rxh5 66. Rc7 Rh1 67. Rd7 Re1+ 68. Kf5 Bd4 69. Rd6 Re5+ 70. Kg4 Kd3 71. Rg6 Ke4 72. Rg5 Re8 73. Rg6 Be5 74. Kh5 $1 Rf8 75. Rg4+ Bf4 76. Rg6 Kf3 77. Rg7 {[#]} (77. Ra6 $11 {keeps the balance.}) 77... Rf6 $1 $17 {[%csl Gf4][%cal Rf6h6]} 78. Rh7 Ke4 ({Black should play} 78... Rb6 $17) 79. Rg7 $11 {The position is equal.} Rh6+ 80. Kg4 Rh1 81. Rg6 Rf1 82. Kh5 Ke5 83. Rg4 Rh1+ 84. Rh4 Ra1 85. Rg4 Ra8 86. Rg6 Rf8 (86... Kf5 {is more complex.} 87. Rg5+ Ke4 88. Rg6 Kf3 89. Rf6 Rh8+) 87. Kg4 Be3 88. Kh5 Bd4 (88... Kf5 {looks sharper.} 89. Rg5+ Kf4 90. Rg6 Rf5+ 91. Kh6 Ke4+) 89. Rg5+ Ke6 90. Rg4 Be3 (90... Rh8+ {seems wilder.} 91. Kg6 Be5 92. Kg5 Rg8+ 93. Kh5 Rc8) 91. Rg6+ (91. Rb4 {with more complications.} Rg8 92. Rb7 Kf6 93. Kh4 Bf4 94. Ra7) 91... Ke5 92. Kg4 Bf2 93. Kh5 Be3 94. Kg4 Rf5 95. Kh3 Ke4 96. Kg4 Bd4 97. Rg5 Rf6 98. Kh5 Be3 99. Rg6 Rf5+ 100. Kg4 Bf4 101. Re6+ Be5 102. Rg6 Bf6 103. Kh3 Ke5 104. Rg4 Bg5 105. Rg2 Be3 106. Rg6 Bf2 107. Rg4 Rh5+ 108. Kg2 Be3 109. Kf3 Bh6 110. Rg2 Kf5 111. Rc2 Rh3+ 112. Ke2 Bf4 113. Kd1 $1 Ke4 114. Re2+ Kd4 115. Rc2 Be3 (115... Bc1 {keeps more tension.}) 116. Ke2 Ke4 117. Kd1 Rh1+ (117... Bc1 {is interesting.}) 118. Ke2 Bd4 119. Kd2 Rh3 120. Kd1 Bc3 121. Re2+ Kd3 {( -> ...Rh1+)} 122. Rd2+ Kc4 123. Rg2 Re3 124. Re2 Rd3+ 125. Kc2 Bd4 126. Rd2 Re3 {Precision: White = 52%, Black = 50%.} 1/2-1/2

[Event "44th Open Sitges 2018"]
[Site "Sitges"]
[Date "2018.07.27"]
[Round "7"]
[White "Grafl, Florian"]
[Black "Fernandez Diaz, Cristian"]
[Result "1-0"]
[WhiteElo "2364"]
[BlackElo "2242"]
[Annotator "NA"]
[PlyCount "59"]
[EventDate "2018.07.22"]
[EventType "swiss"]
[EventCountry "ESP"]
[SourceTitle "playchess.com"]
[Source "ChessBase"]
[SourceQuality "1"]
[TimeControl "40/5400+30:1800+30"]

1. Nf3 {[%emt 0:00:01]} Nf6 {[%emt 0:00:19]} 2. b3 {[%emt 0:00:04]} g6 {[%emt 0:00:28]} 3. Bb2 {[%emt 0:00:03]} Bg7 {[%emt 0:00:22]} 4. g3 {[%emt 0:00:04]} O-O {[%emt 0:04:35]} 5. Bg2 {[%emt 0:00:03]} d5 {[%emt 0:01:43]} 6. c4 {[%emt 0:00:07]} c5 {[%emt 0:01:29]} 7. cxd5 {[%emt 0:03:32]} Qxd5 {[%emt 0:00:33]} 8. Nc3 {[%emt 0:00:38]} Qd6 {[%emt 0:02:17]} 9. Rc1 {[%emt 0:02:30]} Qa6 {[%emt 0:15:35]} 10. O-O {[%emt 0:08:29]} Rd8 {[%emt 0:07:25]} 11. d3 {[%emt 0:46:43]} b6 {[%emt 0:09:13]} 12. a4 {[%emt 0:02:08]} Ne8 {[%emt 0:02:49]} 13. Qd2 {[%emt 0:03:05]} Bb7 {[%emt 0:05:30]} 14. Nb5 {[%emt 0:02:02]} Bxb2 {[%emt 0:01:22]} 15. Qxb2 {[%emt 0:00:03]} Nc6 {[%emt 0:03:02]} 16. Qd2 {[%emt 0:00:22]} Nb4 {[%emt 0:06:27]} 17. Qh6 {[%emt 0:06:51]} Bxf3 {[%emt 0:01:20]} 18. Bxf3 {[%emt 0:00:07]} Rac8 {[%emt 0:00:17]} 19. Rc4 {[%emt 0:01:27]} Nd5 {[%emt 0:09:24]} 20. Rh4 {[%emt 0:01:14]} Ndf6 {[%emt 0:00:13]} 21. g4 {[%emt 0:01:32]} Ng7 {[%emt 0:02:53]} 22. Nc3 {[%emt 0:00:37]} Rd4 {[%emt 0:05:53]} 23. Nd5 {[%emt 0:03:01]} Rxd5 {[%emt 0:00:29]} 24. Bxd5 {[%emt 0:00:02]} Rd8 {[%emt 0:01:12]} 25. Bc4 {[%emt 0:00:35]} Qb7 {[%emt 0:00:12]} 26. e4 {[%emt 0:00:51]} e5 {[%emt 0:06:36]} 27. f4 {[%emt 0:00:22]} Qe7 28. g5 {[%emt 0:06:14]} Nfh5 {[%emt 0:01:40]} 29. f5 {[%emt 0:00:04]} Rd4 {[%emt 0:04:50]} 30. fxg6 {[%emt 0:02:08]} 1-0

[Event "44th Open Sitges 2018"]
[Site "Sitges"]
[Date "2018.07.27"]
[Round "7"]
[White "Abhishek, Das"]
[Black "Fernandez Cardoso, Alexey"]
[Result "1/2-1/2"]
[WhiteElo "2325"]
[BlackElo "2439"]
[Annotator "TA"]
[PlyCount "106"]
[EventDate "2018.07.22"]
[EventType "swiss"]
[EventCountry "ESP"]
[SourceTitle "playchess.com"]
[Source "ChessBase"]
[SourceQuality "1"]

{[%evp 16,106,11,16,31,23,48,49,53,60,61,58,71,45,51,47,54,46,47,57,48,28,45,45,43,41,59,42,50,54,135,135,135,135,131,63,164,183,170,147,257,265,266,258,263,253,237,266,261,247,275,50,50,64,310,310,310,310,271,249,214,204,231,197,362,338,364,358,358,354,328,135,288,288,285,290,270,240,212,8,8,8,8,8,8,8,8,8,8,8,8,8,8]} 1. e4 c5 2. Nf3 e6 3. d4 cxd4 4. Nxd4 a6 5. g3 d5 6. Nf3 Nf6 {B41: Sicilian: Kan Variation: 5 c4} 7. exd5 Qxd5 8. Qxd5 Nxd5 9. Bg2 {LiveBook: 3 Games} Nc6 10. O-O Bc5 $146 ({Predecessor:} 10... Be7 11. c3 f6 12. Nbd2 Kf7 13. Nc4 Bd7 14. Rd1 {0-1 (34) Mosquera,M (2344)-Zapata,A (2530) Cali 2001}) 11. c4 Nf6 12. Nc3 {[%cal Bb1c3,Bc3a4,Ba4b6][%mdl 32]} O-O 13. a3 Nd4 14. Na4 Ba7 15. Nxd4 Bxd4 16. Be3 Bxe3 17. fxe3 Rb8 18. c5 Bd7 19. Nb6 $1 $36 {[%mdl 2048] And now Rxf6! would win. White is more active.} Bc6 20. b4 Bxg2 21. Kxg2 Ng4 22. Nc4 b5 (22... f5 $14) 23. h3 $1 $16 ({Don't play} 23. cxb6 $6 Rfc8 $11) 23... Nf6 24. Nb6 Rfd8 25. Rad1 (25. Rfd1 $16) 25... Ne8 (25... Kf8 $14) 26. Nd7 $18 Ra8 27. Rd4 g6 (27... Nf6 $16) 28. Rfd1 Kg7 29. Nb6 Rxd4 30. Rxd4 {[%mdl 4096] Endgame KRN-KRN} ({Less strong is} 30. exd4 Rb8 $16) 30... Ra7 31. Rd8 $1 {[%cal Rd8e8]} Nf6 32. Kf3 g5 33. Ra8 $2 (33. e4 $18) 33... Rxa8 $14 34. Nxa8 {KN-KN} Nd5 $2 (34... Kf8 $1 $14) 35. e4 $1 $18 {[%cal Re4d5]} Ne7 36. Nc7 Nc6 37. Nxa6 Kf6 38. Nc7 Nd4+ 39. Ke3 Ke5 $2 (39... Nc2+ 40. Kd3 Nxa3) 40. Kd3 f5 41. exf5 exf5 42. Ne8 h5 {[#]} 43. Nd6 (43. Nf6 $1 $18 {[%mdl 512] is the precise move to win.}) 43... f4 $2 (43... g4 $16 {was worth a try.} 44. hxg4 hxg4) 44. gxf4+ gxf4 45. Ne4 Nc6 {[#]} 46. Nc3 $1 {[%cal Rc3b5]} Nd4 47. a4 $2 (47. Ne2 $18 Nf5 48. c6) 47... bxa4 $11 {The position is equal.} (47... f3 $5 48. Ke3 $8 bxa4 $16) 48. Nxa4 {Threatening Kc4.} f3 $1 {[%cal Rf3f2] ( -> ...f2)} 49. Ke3 (49. Nb2 {seems wilder.} f2 50. Nc4+ Kd5 51. Ne3+ Ke5 52. c6) 49... Nc2+ 50. Kxf3 {Black must now prevent Kg3.} Nxb4 51. Kg3 {Threatens to win with Kh4.} Nd3 52. Kh4 Nf2 53. Nb6 Ke6 {Precision: White = 63%, Black = 42%.} 1/2-1/2

[Event "44th Open Sitges 2018"]
[Site "Sitges"]
[Date "2018.07.27"]
[Round "7"]
[White "Lobato, Lavin Alvaro"]
[Black "Todts, Benny"]
[Result "1-0"]
[WhiteElo "1923"]
[BlackElo "1938"]
[Annotator "NA"]
[PlyCount "39"]
[EventDate "2018.07.22"]
[EventType "swiss"]
[EventCountry "ESP"]
[SourceTitle "playchess.com"]
[Source "ChessBase"]
[SourceQuality "1"]
[TimeControl "40/5400+30:1800+30"]

1. e4 {[%emt 0:00:00]} c5 {[%emt 0:00:19]} 2. Nf3 {[%emt 0:00:04]} Nc6 {[%emt 0:00:30]} 3. d4 {[%emt 0:00:30]} cxd4 {[%emt 0:00:30]} 4. c3 {[%emt 24:07:55]} d5 {[%emt 0:00:05]} 5. exd5 {[%emt 0:00:05]} Qxd5 {[%emt 0:00:06]} 6. cxd4 {[%emt 0:00:06]} Bg4 {[%emt 0:00:06]} 7. Be2 {[%emt 0:00:07]} O-O-O {[%emt 0:00:00]} 8. Nc3 {[%emt 0:04:37]} Qf5 9. Be3 {[%emt 0:15:32]} e5 10. d5 {[%emt 0:29:35]} Nf6 11. O-O {[%emt 0:30:36]} Bb4 {[%emt 0:02:45]} 12. Qb3 {[%emt 0:10:36]} Nxd5 {[%emt 0:01:04]} 13. Nxd5 {[%emt 0:02:34]} e4 {[%emt 0:00:31]} 14. Nd4 {[%emt 0:04:25]} Nxd4 {[%emt 0:00:19]} 15. Bxg4 {[%emt 0:08:32]} Qxg4 {[%emt 0:00:11]} 16. Bxd4 {[%emt 0:00:52]} Bd6 {[%emt 0:08:56]} 17. Rac1+ {[%emt 0:00:19]} Kb8 {[%emt 0:00:24]} 18. Bxa7+ {[%emt 0:00:35]} Kxa7 {[%emt 0:00:53]} 19. Qa4+ {[%emt 0:00:12]} Kb8 {[%emt 0:01:05]} 20. Nb6 1-0

[Event "44th Open Sitges 2018"]
[Site "Sitges"]
[Date "2018.07.28"]
[Round "8"]
[White "Guseinov, Gadir"]
[Black "Alarcon Casellas, Rolando"]
[Result "1-0"]
[WhiteElo "2654"]
[BlackElo "2389"]
[Annotator "TA"]
[PlyCount "95"]
[EventDate "2018.07.22"]
[EventType "swiss"]
[EventCountry "ESP"]
[SourceTitle "playchess.com"]
[Source "ChessBase"]
[SourceQuality "1"]

{[%evp 24,95,189,171,315,66,64,79,78,74,62,66,53,69,57,86,132,17,16,2,24,24,42,0,73,66,922,911,1178,1110,1232,1052,1748,1778,1747,1737,1704,1699,1638,1547,1749,1597,2239,2236,1687,1147,1077,989,12839,12839,12843,12843,12847,12847,12850,12850,12850,29976,12851,29978,12851,29982,12851,29983,12851,29979,12851,29980,12851,29980,12851,29980,12851,29989]} 1. e4 e6 2. d4 d5 3. Nf3 Nf6 4. e5 Nfd7 5. Bd3 c5 6. c3 Nc6 7. Nbd2 g6 8. h4 {[%cal Bh2h4,Bh4h5][%mdl 32]} Qb6 9. h5 {C06: French Tarrasch: 3...Nf6 4 e5 Nfd7 5 Bd3 main lines} g5 (9... Rg8 10. a3 Be7 11. hxg6 hxg6 12. Qa4 a6 13. Nf1 cxd4 14. cxd4 Qa5+ 15. Qxa5 Nxa5 16. Rb1 Nf8 {1-0 (48) Jones,G (2660)-Pert,N (2558) Llandudno 2017}) 10. Nxg5 cxd4 11. cxd4 Nxd4 12. Ndf3 Bc5 13. O-O {LiveBook: 4 Games} h6 {[#]} (13... Nc6 $142) 14. Nxd4 $2 (14. Nxf7 $1 $18 Kxf7 15. Bf4) 14... hxg5 $14 15. Nb3 {[#]} Nxe5 $146 ({Predecessor:} 15... Bd4 16. Bxg5 Bxe5 {1-0 (34) Sebag,M (2404)-Gershon,A (2546) Moscow 2004}) 16. Nxc5 Qxc5 17. Be2 Qe7 18. Qd4 {[%mdl 1024] White has compensation.} Qf6 $1 19. Rd1 $1 Rg8 {[#]} 20. Be3 ({White should try} 20. b3 $1 $16 {aiming for Bb2.} g4 21. Bf4 Nf3+ 22. gxf3 (22. Bxf3 Qxd4 23. Rxd4 gxf3 $11) 22... gxf3+ 23. Bg3 Qxd4 24. Bb5+ Bd7 25. Bxd7+ (25. Rxd4 $2 Bxb5 26. a4 Bc6 $19) 25... Kxd7 26. Rxd4) 20... Bd7 $11 21. Rac1 {next Rc7 is good for White.} Bc6 22. b4 $36 {[%cal Bb2b4,Bb4b5][%mdl 2080] And now b5 would win. White has good play.} a6 $1 23. Bxa6 {Strongly threatening b5.} Rxa6 {[#]} (23... g4 $1 $11 24. b5 g3) 24. b5 $1 $16 {[%cal Rb5a6][%mdl 512]} g4 $2 {[%mdl 8192]} (24... Ra8 $14 25. bxc6 bxc6) (24... Bxb5 25. Rc8+) 25. bxa6 $18 Nf3+ 26. gxf3 gxf3+ 27. Kf1 e5 {[#]} 28. axb7 $1 {[%mdl 512]} Bxb7 29. Qa4+ Kf8 30. Qb4+ Kg7 31. Qxb7 d4 32. Qc6 dxe3 33. Qxf6+ Kxf6 34. fxe3 Rg2 35. Rc3 Kg5 36. e4 Rxa2 37. Rxf3 Kxh5 38. Rxf7 Ra4 39. Rf5+ Kg4 40. Rxe5 Kf3 41. Re8 Ra2 42. e5 {[%cal Be4e5,Be5e6][%mdl 32]} Rf2+ 43. Kg1 Rg2+ 44. Kh1 Rg5 45. Rf8+ Ke2 46. Rdd8 Rg6 47. e6 Rg7 48. Rf7 {Precision: White = 44%, Black = 30%.} 1-0

[Event "44th Open Sitges 2018"]
[Site "Sitges"]
[Date "2018.07.28"]
[Round "8"]
[White "Aguero Jimenez, Luis Lazaro"]
[Black "Grafl, Florian"]
[Result "1-0"]
[WhiteElo "2473"]
[BlackElo "2364"]
[Annotator "ChessBase"]
[PlyCount "79"]
[EventDate "2018.07.22"]
[EventType "swiss"]
[EventCountry "ESP"]
[SourceTitle "playchess.com"]
[Source "ChessBase"]
[SourceQuality "1"]
[TimeControl "40/5400+30:1800+30"]

1. e4 {[%emt 0:00:02]} Nc6 {[%emt 0:00:04]} 2. Nf3 {[%emt 0:00:04]} d6 {[%emt 0:00:03]} 3. d4 {[%emt 0:00:20]} Nf6 {[%emt 0:00:07]} 4. Bd3 {[%emt 0:01:49]} e5 {[%emt 0:04:46]} 5. c3 {[%emt 0:00:05]} Bg4 {[%emt 0:04:44]} 6. Qa4 {[%emt 0:05:10]} Bxf3 {[%emt 0:03:04]} 7. gxf3 {[%emt 0:00:06]} Nd7 {[%emt 0:00:44]} 8. Bb5 {[%emt 0:01:23]} Ne7 {[%emt 0:05:28]} 9. Bg5 {[%emt 0:03:27]} a6 {[%emt 0:02:38]} 10. Bd3 {[%emt 0:00:24]} h6 {[%emt 0:15:24]} 11. Be3 {[%emt 0:00:14]} g5 {[%emt 0:00:05]} 12. Qb3 {[%emt 0:02:55]} Bg7 {[%emt 0:05:44]} 13. h4 {[%emt 0:03:52]} exd4 {[%emt 0:14:41]} 14. cxd4 {[%emt 0:00:06]} Nc6 {[%emt 0:00:22]} 15. Bc4 {[%emt 0:11:12]} Nxd4 {[%emt 0:17:52]} 16. Bxf7+ {[%emt 0:00:57]} Kf8 {[%emt 0:00:02]} 17. Bxd4 {[%emt 0:00:07]} Bxd4 {[%emt 0:00:03]} 18. Bh5 {[%emt 0:00:08]} Qf6 {[%emt 0:02:01]} 19. Nc3 {[%emt 0:00:05]} Nc5 {[%emt 0:01:20]} 20. Qc2 {[%emt 0:00:02]} Bxc3+ {[%emt 0:00:12]} 21. bxc3 {[%emt 0:00:05]} Ke7 {[%emt 0:04:31]} 22. O-O-O {[%emt 0:00:27]} Nd7 {[%emt 0:04:31]} 23. Qb3 {[%emt 0:03:02]} b5 {[%emt 0:00:06]} 24. e5 {[%emt 0:05:46]} Nxe5 {[%emt 0:00:31]} 25. Rhe1 {[%emt 0:00:06]} Rhd8 {[%emt 0:03:42]} 26. Re4 {[%emt 0:03:55]} Kd7 {[%emt 0:02:10]} 27. Qd5 {[%emt 0:01:15]} Re8 {[%emt 0:00:35]} 28. f4 {[%emt 0:02:37]} gxf4 {[%emt 0:01:48]} 29. Rg1 {[%emt 0:03:00]} c6 {[%emt 0:00:51]} 30. Bxe8+ {[%emt 0:00:17]} Rxe8 {[%emt 0:00:03]} 31. Qd4 {[%emt 0:00:23]} Re7 {[%emt 0:03:24]} 32. Qa7+ {[%emt 0:04:20]} Ke6 {[%emt 0:00:05]} 33. Qxa6 {[%emt 0:03:40]} Kd5 {[%emt 0:00:54]} 34. Rd4+ {[%emt 0:00:11]} Ke6 {[%emt 0:00:20]} 35. Qc8+ {[%emt 0:00:01]} Rd7 {[%emt 0:00:16]} 36. Rg8 {[%emt 0:04:47]} Qxh4 {[%emt 0:01:01]} 37. Re8+ {[%emt 0:00:47]} Kf6 {[%emt 0:00:29]} 38. Rxe5 {[%emt 0:00:22]} Qxf2 {[%emt 0:00:30]} 39. Qh8+ {[%emt 0:01:36]} Kg6 {[%emt 0:00:32]} 40. Qg8+ 1-0